[Event "HCL-M829"]
[Site "www.playchess.de"]
[Date "2006.02.25"]
[Round "7"]
[White "ipakris"]
[Black "Losloper"]
[WhiteElo "2216"]
[BlackElo "2375"]
[PlyCount "83"]
[Result "1/2-1/2"]

1.e4 c5 2.Nf3 {hello, I have been waiting ;-). 
Good luck !}  d6 {I just left on vacation - Have a 
nice game !}  3.d4 cxd4 4.Nxd4 Nf6 5.Nc3 a6 6.Be3 
e5 7.Nb3 Be6 8.f3 Be7 9.Qd2 h5 10.O-O-O Nbd7 
11.Kb1 Rc8 12.Nd5 Bxd5 13.exd5 Nb6 14.Bxb6 Qxb6 
15.Bd3 Rc7 16.c4 O-O 17.Rhe1 Ra8 18.g4 a5 19.g5 
Nd7 20.f4 a4 21.Nc1 Rac8 22.Qe2 g6 23.f5 Nf8 24.h4 
a3 25.b3 Qa7 26.Qc2 b5 27.fxg6 fxg6 28.Bxg6 bxc4 
29.Qf5 cxb3 30.Nxb3 Qa4 31.Re4 Qd7 32.Qf7+ Kh8 
33.Qf3 Nxg6 34.Qxh5+ Kg7 35.Qh6+ Kg8 36.Qxg6+ Kh8 
37.Qh6+ Kg8 38.Qg6+ Kh8 39.Qh5+ Kg8 40.Rf1 Bf8 
41.Qg6+ Kh8 42.Qh5+ {(offering draw)} 
 1/2-1/2

[Event "HCL-E1564"]
[Site "www.playchess.de"]
[Date "2006.02.25"]
[Round "11"]
[White "alldrix"]
[Black "Emerson"]
[WhiteElo "1624"]
[BlackElo "1790"]
[PlyCount "80"]
[Result "0-1"]

1.e4 {hi again!}  c5 {yess! let´s have a good 
match!}  2.Nc3 Nc6 3.Be2 g6 4.Nf3 Bg7 5.O-O d6 
6.d3 e6 7.Re1 Nge7 8.Be3 Nd4 9.Bxd4 cxd4 10.Nb1 
Qb6 11.b3 O-O 12.Nbd2 Bd7 13.Nc4 Qc7 14.a4 d5 
15.Ncd2 dxe4 16.Nxe4 Rac8 17.Rc1 f5 18.Ned2 a6 
19.Bf1 Nd5 20.Ng5 Rfe8 21.Nc4 b5 22.axb5 axb5 
23.Nd2 h6 24.Nh3 {let me play, please!!! lol}  Nc3 
{well, I try to "catch" you - but it is not s 
easy...
I am happy that we have an interesting 
game.
:-))}  25.Qf3 {this game is only instesting for 
you, for me is a disaster lol}  Na2 {we will see - 
I still have no material advantage... and it is 
not possible to catch your lady}  26.Rca1 Qxc2 
27.Qg3 Kh7 28.Nf4 g5 29.Nh5 f4 30.Qf3 Bc6 31.Ne4 
Qxb3 32.Re2 Nc3 33.Ra7 Kh8 34.Nxg7 Rca8 35.Qh5 
Nxe2+ 36.Bxe2 Rxa7 37.Qxh6+ Kg8 38.Nf6+ Kf7 
39.Nfxe8 Ra1+ {Hi, after 33. Ra7 (! very good move 
that turns the game!) I only can offer draw - but 
(I think) you must play Kh1 after Nxe2+ (!?). If 
you play Kh1 I cannot win...}  40.Bf1 {I didnt' 
see that}  Rxf1+ {it´s a pity for you - and luck 
for me.
But you will win against me in the other 
tournament...}  0-1

[Event "HCL-C4118"]
[Site "www.playchess.de"]
[Date "2006.02.25"]
[Round "7"]
[White "gordi"]
[Black "Ruka"]
[WhiteElo "1270"]
[BlackElo "991"]
[PlyCount "93"]
[Result "1-0"]

1.e4 {hi}  e5 {Hi - good luck!}  2.Nf3 Nc6 3.Nc3 
Nf6 4.Bc4 Qe7 5.O-O d6 6.Ng5 Be6 7.Bd3 Nd4 8.Na4 
Bg4 9.Qe1 d5 10.exd5 Nxd5 11.c3 Qxg5 12.cxd4 f6 
13.dxe5 fxe5 14.Be4 Nb4 15.d4 Qf6 16.Bxb7 Nc2 
17.Qxe5+ Qe7 18.Bxa8 Nxa1 19.Be4 Qxe5 20.dxe5 Be7 
21.Be3 g5 22.Rxa1 Rf8 23.Bxh7 Be2 24.Bxa7 Kf7 
25.Re1 Bc4 26.b3 Ra8 27.bxc4 Rxa7 28.e6+ Kg7 
29.Bc2 Bb4 30.Re4 Be7 31.g4 Rb7 32.Bb3 Kf6 33.f4 
gxf4 34.h4 f3 35.Kf2 Rb8 36.Kxf3 Kg6 37.h5+ Kg5 
38.Nc3 Kh4 39.Nd5 Bd6 40.c5 Rf8+ 41.Rf4 Bxf4 
42.Nxf4 Kg5 43.e7 Re8 44.Ng6 Kf6 45.Ba4 Rb8 46.e8Q 
Rxe8 47.Bxe8 1-0

[Event "HCL-C4148"]
[Site "www.playchess.de"]
[Date "2006.02.25"]
[Round "25"]
[White "aussie"]
[Black "epenz"]
[WhiteElo "1095"]
[BlackElo "951"]
[PlyCount "41"]
[Result "1-0"]

1.e4 e5 2.Nf3 Nc6 3.Bc4 h6 4.b3 d6 5.Bb2 Nf6 6.d3 
{Argentina, good luck in Winter Olympics}  Be7 
{thanks...but we are not so good in Winter 
Olympics...}  7.O-O O-O 8.h3 Re8 9.Re1 a6 10.d4 
exd4 11.Nxd4 Nxd4 12.Qxd4 c5 13.Qe3 b5 14.Bd5 Nxd5 
15.exd5 Bf6 16.Qxe8+ Qxe8 17.Rxe8+ Kh7 18.Bxf6 
gxf6 19.Nd2 Kg7 20.Rae1 f5 21.Rd8 1-0

[Event "HCL-E1536"]
[Site "www.playchess.de"]
[Date "2006.02.25"]
[Round "13"]
[White "temple"]
[Black "BlitzShinigami"]
[WhiteElo "1727"]
[BlackElo "2100"]
[PlyCount "29"]
[Result "1-0"]

1.d4 {Happy New Year!}  d5 2.c4 e6 3.e3 Nf6 4.a3 
Be7 5.Nf3 O-O 6.b3 b6 7.Nc3 Bb7 8.Bd3 Nbd7 9.Bb2 
c5 10.O-O Ne4 11.Qc2 f5 12.Nd2 Rf6 13.f3 Nd6 14.a4 
dxc4 15.bxc4 1-0

[Event "HCL-E1536"]
[Site "www.playchess.de"]
[Date "2006.02.25"]
[Round "15"]
[White "wurmt"]
[Black "BlitzShinigami"]
[WhiteElo "1506"]
[BlackElo "2100"]
[PlyCount "29"]
[Result "1-0"]

1.e4 {Happy New Year!}  c5 2.Nf3 Nc6 3.d4 cxd4 
4.Nxd4 d6 5.Nc3 Nxd4 6.Qxd4 Nf6 7.Bg5 Bd7 8.Bc4 e5 
9.Qd3 Rc8 10.Nd5 Be7 11.Qb3 Nxd5 12.Bxe7 Nxe7 
13.Bxf7+ Kf8 14.O-O Ba4 15.Qxa4 1-0

[Event "HCL-C4130"]
[Site "www.playchess.de"]
[Date "2006.02.25"]
[Round "13"]
[White "epenz"]
[Black "sweendog"]
[WhiteElo "949"]
[BlackElo "721"]
[PlyCount "50"]
[Result "0-1"]

1.e4 e5 2.Nf3 a5 3.Nc3 a4 4.a3 Nf6 5.d3 c6 6.Be2 
Bc5 7.O-O O-O 8.h3 b5 9.b4 Bb6 10.Re1 c5 11.bxc5 
Bxc5 12.Nxb5 Ra5 13.Nc3 Ba6 14.Bg5 Nc6 15.Qd2 h6 
16.Bxf6 Qxf6 17.Nd5 Qe6 18.c4 g5 19.g4 Nd4 20.Rec1 
Nb3 21.Kg2 Nxd2 22.Nxd2 Bd4 23.Nc7 Qc6 24.Nxa6 
Bxa1 25.Rxa1 Rxa6 0-1

[Event "HCL-A2563"]
[Site "www.playchess.de"]
[Date "2006.02.25"]
[Round "8"]
[White "Dams"]
[Black "hal1958"]
[WhiteElo "1291"]
[BlackElo "1448"]
[PlyCount "88"]
[Result "1/2-1/2"]

1.e4 e5 2.Nf3 d6 3.Bc4 Be6 4.Bxe6 fxe6 5.d3 h6 
6.O-O Nf6 7.Be3 Be7 8.h3 c6 9.Nbd2 Nbd7 10.Nh2 O-O 
11.f4 exf4 12.Bxf4 e5 13.Be3 d5 14.exd5 cxd5 
15.Ndf3 d4 16.Bd2 b6 17.Nh4 Qe8 18.Ng4 Nxg4 
19.Qxg4 Bxh4 20.Qxh4 Qe6 21.a4 a5 22.Rfe1 Qf6 
23.Qe4 Qf2+ 24.Kh1 Qxd2 25.Qd5+ Kh8 26.Qxd7 Rf2 
27.Qg4 Qxc2 28.Rxe5 Qxd3 29.Rc1 Rf1+ 30.Rxf1 Qxf1+ 
31.Kh2 d3 32.Rd5 Rf8 33.Qd4 Qf4+ 34.Qxf4 
{(offering draw)}  Rxf4 35.b3 Rb4 36.Rxd3 g5 37.g3 
Kg7 38.Rf3 b5 39.axb5 Rxb5 40.h4 gxh4 41.gxh4 Kg6 
42.Kg2 h5 43.Kf2 Rf5 44.Rxf5 Kxf5 {(offering 
draw)}  1/2-1/2

[Event "HCL-C4123"]
[Site "www.playchess.de"]
[Date "2006.02.25"]
[Round "4"]
[White "Milosforman"]
[Black "Tribun"]
[WhiteElo "930"]
[BlackElo "857"]
[PlyCount "127"]
[Result "1-0"]

1.d4 d5 2.Nc3 e6 3.Nf3 Bd6 4.Bg5 Qd7 5.e3 h6 6.Bh4 
g5 7.Bg3 Be7 8.Be5 Rh7 9.Bd3 f5 10.g4 Nc6 11.gxf5 
exf5 12.Bb5 g4 13.Nd2 Bh4 14.Qe2 Qf7 15.O-O-O Be6 
16.Bxc6+ bxc6 17.h3 h5 18.f3 Rh6 19.Rdg1 Ne7 
20.Bg3 Bg5 21.h4 Bf6 22.Bxc7 Ng8 23.Bf4 Qb7 
24.Bxh6 Rb8 25.Nb3 Nxh6 26.f4 Nf7 27.Na4 Be7 28.c3 
Nd6 29.Nac5 Qc8 30.Nxe6 Qxe6 31.Nc5 Qc8 32.Qa6 Qc7 
33.Ne6 Qd7 34.Ng7+ Kf7 35.Nxh5 Ne4 36.Ng3 Nf2 
37.Rh2 Nd3+ 38.Qxd3 Qb7 39.Qxf5+ Ke8 40.b3 Ba3+ 
41.Kc2 a5 42.Qg6+ Kd8 43.Qg8+ Kc7 44.Qf7+ Kc8 
45.Qxb7+ Rxb7 46.h5 a4 47.h6 axb3+ 48.axb3 Rh7 
49.Nf5 Kd7 50.Rxg4 Ke6 51.Rg7 Rh8 52.Rh5 Bf8 
53.Rg6+ Kf7 54.Rxc6 Kg8 55.Rc7 Rh7 56.Rxh7 Kxh7 
57.Rg5 Kh8 58.Rg6 Kh7 59.Ra6 Kg8 60.Ra8 Kf7 61.h7 
Ke6 62.Rxf8 Kd7 63.h8Q Ke6 64.Qe5+ 1-0

[Event "HCL-E1562"]
[Site "www.playchess.de"]
[Date "2006.02.25"]
[Round "5"]
[White "Nobleman"]
[Black "Josef1901"]
[WhiteElo "1253"]
[BlackElo "1573"]
[PlyCount "86"]
[Result "0-1"]

1.e4 c5 2.Nf3 d6 3.Bc4 e6 4.O-O Nc6 5.h3 Nf6 6.d3 
Be7 7.Nc3 O-O 8.Bf4 a6 9.a3 b5 10.Ba2 Bb7 11.Re1 
Nd4 12.Nxd4 cxd4 13.Ne2 e5 14.Bg5 h6 15.Bxf6 Bxf6 
16.Ng3 Rc8 17.Nf5 Rc5 18.b4 Rc3 19.Rf1 Qc7 20.Bb3 
Bc8 21.g4 Be6 22.Rb1 Bxb3 23.cxb3 Bg5 24.a4 g6 
25.Ng3 Rc2 26.Ne2 Rc8 27.Kg2 Rd2 28.Qe1 Rxd3 
29.Ng1 Qc3 30.Qxc3 dxc3 31.Ne2 c2 32.Rba1 Rxb3 
33.axb5 axb5 34.Nc1 Rb1 35.Ne2 c1Q 36.Nxc1 Rxa1 
37.Nd3 Rxf1 38.Kxf1 Rc3 39.Ke2 Rxd3 40.Kxd3 f5 
41.exf5 gxf5 42.gxf5 d5 43.f3 Kf7 0-1

[Event "HCL-A2590"]
[Site "www.playchess.de"]
[Date "2006.02.25"]
[Round "10"]
[White "RUDI"]
[Black "hal1958"]
[WhiteElo "1234"]
[BlackElo "1421"]
[PlyCount "72"]
[Result "0-1"]

1.Nc3 e5 2.e4 Nf6 3.Be2 Bc5 4.Nf3 d6 5.O-O O-O 
6.b3 Be6 7.d3 h6 8.g3 a6 9.Bb2 c6 10.a3 b5 11.Nh4 
Nbd7 12.b4 Bb6 13.Rb1 c5 14.Bc1 cxb4 15.axb4 Bd4 
16.Bd2 Nb6 17.Nf5 Bxf5 18.exf5 Qc8 19.Ne4 Nxe4 
20.dxe4 Nc4 21.Rb3 Nxd2 22.Qxd2 Qd8 23.c3 Bb6 
24.Kg2 f6 25.c4 bxc4 26.Bxc4+ Kh8 27.f4 Qc7 28.Bd5 
Rac8 29.Rbb1 Qc2 30.Qxc2 Rxc2+ 31.Kh1 Bd4 32.Rb3 
Rfc8 33.Ra1 Bxa1 34.b5 axb5 35.Rxb5 Rb2 36.Ra5 
Rc1+ 0-1

[Event "HCL-E1554"]
[Site "www.playchess.de"]
[Date "2006.02.25"]
[Round "6"]
[White "Baldrick"]
[Black "jsiggy2001"]
[WhiteElo "1700"]
[BlackElo "1758"]
[PlyCount "54"]
[Result "1/2-1/2"]

1.e4 {Greetings!}  c5 {Hello
}  2.Nf3 {Have a good game!}  d6 3.d3 Bg4 4.Nbd2 
Nc6 5.g3 Qa5 6.c3 Nf6 7.Bg2 e5 8.Nc4 Qa6 9.Bg5 Be7 
10.Bxf6 gxf6 11.Ne3 Be6 12.Nh4 O-O-O 13.Nhf5 Bf8 
14.Nd5 Bxf5 15.exf5 Bg7 16.Qg4 Rhg8 17.Qh4 Qxd3 
18.Be4 Qa6 19.b3 h6 20.c4 Qa5+ 21.Kf1 Qd2 22.Ne3 
Nd4 23.Kg2 a6 24.Rhd1 Qb2 25.Bd5 Rd7 26.Qh5 Rf8 
27.Qg4 Rg8 {(offering draw)}  1/2-1/2

[Event "HCL-A2586"]
[Site "www.playchess.de"]
[Date "2006.02.25"]
[Round "17"]
[White "Felipe_Lungov"]
[Black "hal1958"]
[WhiteElo "1274"]
[BlackElo "1394"]
[PlyCount "46"]
[Result "0-1"]

1.d4 Nf6 2.c4 c5 3.Nf3 e6 4.Bg5 Be7 5.Bxf6 Bxf6 
6.e3 cxd4 7.exd4 O-O 8.Bd3 Nc6 9.Be4 d5 10.cxd5 
exd5 11.Bc2 Re8+ 12.Kf1 Bg4 13.h3 Bxf3 14.Qxf3 
Nxd4 15.Qd3 Nxc2 16.Qxc2 Rc8 17.Qd1 Bxb2 18.Nd2 
Bxa1 19.Qxa1 Qc7 20.Nb3 a5 21.Kg1 Qf4 22.f3 a4 
23.Na5 Rc1+ 0-1

[Event "HCL-A2590"]
[Site "www.playchess.de"]
[Date "2006.02.25"]
[Round "14"]
[White "lunchpail"]
[Black "RUDI"]
[WhiteElo "1396"]
[BlackElo "1234"]
[PlyCount "65"]
[Result "1-0"]

1.d4 d5 2.Nf3 Nc6 3.e3 Bg4 4.c4 e6 5.Nbd2 Nf6 6.c5 
Ne4 7.Qb3 Nxd2 8.Nxd2 Rb8 9.Bd3 Be7 10.O-O O-O 
11.Qc2 g6 12.a3 e5 13.b4 exd4 14.b5 dxe3 15.fxe3 
Ne5 16.Bb2 Nxd3 17.Qxd3 b6 18.Qd4 f6 19.Qxg4 f5 
20.Qe2 Bxc5 21.Qd3 Qd6 22.Qc3 Kf7 23.Qg7+ Ke8 
24.Nf3 Bxe3+ 25.Kh1 Rd8 26.Rfe1 d4 27.Nxd4 f4 
28.Qxh7 Rd7 29.Qh6 Kd8 30.Nc6+ Kc8 31.a4 Kb7 
32.Be5 Qd5 33.Qxf8 1-0

[Event "HCL-B3847"]
[Site "www.playchess.de"]
[Date "2006.02.25"]
[Round "8"]
[White "WStanEvans"]
[Black "Russ"]
[WhiteElo "1410"]
[BlackElo "1200"]
[PlyCount "72"]
[Result "0-1"]

1.e4 e5 2.Nf3 Nc6 3.Bc4 Bc5 4.c3 d6 5.d4 exd4 
6.cxd4 Bb6 7.Nc3 Bg4 8.Be3 Bxf3 9.gxf3 Qh4 10.Qd2 
O-O-O 11.O-O-O Nb4 12.d5 Ba5 13.Kb1 f5 14.a3 fxe4 
15.fxe4 Na6 16.f3 Nc5 17.b4 Bxb4 18.axb4 Nd7 
19.Bg5 Qh5 20.Bxd8 Kxd8 21.Qe3 b6 22.h4 Ngf6 
23.Be2 Re8 24.f4 Qg6 25.Bd3 Ng4 26.Qf3 h5 27.Rde1 
Qf6 28.Nb5 Nde5 29.Qf1 Nxd3 30.e5 Qf5 31.Nd4 Qh7 
32.Ne6+ Rxe6 33.f5 Rxe5 34.Rxe5 Ngxe5 35.b5 Qh6 
36.Rh3 Qd2 0-1

[Event "HCL-A2613"]
[Site "www.playchess.de"]
[Date "2006.02.25"]
[Round "2"]
[White "shadow_cup"]
[Black "torbalan"]
[WhiteElo "1800"]
[BlackElo "1242"]
[PlyCount "69"]
[Result "1/2-1/2"]

1.e3 d5 2.c4 Nf6 3.Nf3 Bg4 4.h3 Bf5 5.Nc3 c6 
6.cxd5 Nxd5 7.Bc4 Nxc3 8.bxc3 e6 9.d4 Be7 10.O-O 
O-O 11.Re1 Bf6 12.e4 Bg6 13.Qb3 Qc7 14.Ba3 Re8 
15.e5 Be7 16.Bxe7 Rxe7 17.Nh4 Nd7 18.Nxg6 hxg6 
19.Re3 a6 20.Rf3 b5 21.Bd3 c5 22.Be4 Rf8 23.Qa3 
Qb6 24.Rb1 Ree8 25.Qb2 cxd4 26.cxd4 Reb8 27.Rb3 f6 
28.Bxg6 Rfc8 29.a4 f5 30.axb5 axb5 31.Rxb5 Qa7 
32.Rxb8 Rxb8 33.Qa1 Rxb1+ 34.Qxb1 Qxd4 35.Qb5 
{(offering draw)}  1/2-1/2

[Event "HCL-C4016"]
[Site "www.playchess.de"]
[Date "2006.02.25"]
[Round "18"]
[White "foxcar"]
[Black "valpa"]
[WhiteElo "1202"]
[BlackElo "1034"]
[PlyCount "96"]
[Result "0-1"]

1.d4 {hello again, heres to a good game}  d5 {Hi, 
welcome to the new game}  2.Bf4 e6 3.e3 Bd6 4.Bxd6 
Qxd6 5.Nc3 Nf6 6.Nb5 Qc6 7.a4 O-O 8.Bd3 Nbd7 9.Nf3 
a6 10.Nc3 Re8 11.Ng5 g6 12.h4 e5 13.dxe5 Nxe5 
14.a5 Nxd3+ 15.Qxd3 Qd6 16.h5 Bf5 17.Qd2 Ne4 
18.Ncxe4 Bxe4 19.hxg6 Bxg6 20.O-O-O Re5 21.e4 Bxe4 
22.f3 Bg6 23.f4 Rf5 24.g3 c6 25.g4 Rxf4 26.Rhg1 
Qc5 27.Nh3 Rf6 28.Rg2 Re6 29.Nf4 Re7 30.Nxg6 fxg6 
31.Re1 Rxe1+ 32.Qxe1 Rf8 33.Qe6+ Rf7 34.Qc8+ Kg7 
35.b3 Qd4 36.Rg1 Qxg1+ 37.Kd2 Rf2+ 38.Kc3 Qa1+ 
39.Kd3 Rf3+ 40.Ke2 Qf1+ 41.Kd2 Rf2+ 42.Kc3 Qa1+ 
43.Kb4 Rf4+ 44.Kc5 Qxa5+ 45.Kd6 Rf6+ 46.Kd7 Rf7+ 
47.Ke6 Qe1+ 48.Kd6 Qe7+ 0-1

[Event "HCL-M885"]
[Site "www.playchess.de"]
[Date "2006.02.25"]
[Round "10"]
[White "Eishockeytorwart"]
[Black "ETC_Chess"]
[WhiteElo "1942"]
[BlackElo "2147"]
[PlyCount "27"]
[Result "1-0"]

1.e4 {welcome from germany}  e6 {Hello from 
Kentucky, U.S.A.}  2.d4 d5 3.e5 c5 4.Nf3 Nc6 5.c3 
Qb6 6.Bd3 cxd4 7.cxd4 Bd7 8.Bc2 Nb4 9.O-O Nxc2 
10.Qxc2 Ne7 11.Rd1 Rc8 12.Nc3 Nf5 13.Bg5 h6 
14.Bf4 1-0

[Event "HCL-B3623"]
[Site "www.playchess.de"]
[Date "2006.02.25"]
[Round "20"]
[White "Doc"]
[Black "Matu"]
[WhiteElo "1120"]
[BlackElo "1531"]
[PlyCount "142"]
[Result "0-1"]

1.e4 {Hi from Farwell, Michigan, Good luck.}  c6 
{hello from amberg}  2.d4 d5 3.Bd3 dxe4 4.Bxe4 Nf6 
5.Nc3 Nxe4 6.Nxe4 Bf5 7.Qe2 e6 8.Nf3 Nd7 9.Bg5 Be7 
10.Nd6+ Kf8 11.Nxb7 Qe8 12.Bf4 Nf6 13.Nd6 Bxd6 
14.Bxd6+ Kg8 15.O-O Ne4 16.Be5 f6 17.Bf4 g5 18.Be3 
h5 19.a4 Kg7 20.b4 Nc3 21.Qd2 Nd5 22.Rfe1 Qd7 
23.a5 Rab8 24.Rab1 Rb5 25.c4 Bxb1 26.cxb5 Be4 
27.Qe2 Nc3 28.Qc4 Nxb5 29.h3 Qd5 30.Qxd5 Bxd5 
31.Nd2 Kg6 32.Rc1 f5 33.Nc4 f4 34.Ne5+ Kf5 35.Bd2 
Nxd4 36.Re1 g4 37.Nf7 Rb8 38.Nh6+ Kg6 39.Bxf4 Rh8 
40.Nxg4 hxg4 41.hxg4 Rf8 42.Be5 Nc2 43.Rb1 Na3 
44.Rc1 Nc4 45.Bc7 Rf7 46.Bg3 Rb7 47.Rb1 Nxa5 48.f3 
Nc4 49.Kh2 a5 50.Be1 axb4 51.Rxb4 Rxb4 52.Bxb4 Ne5 
53.Kh3 Nd3 54.Be7 {(offering draw)}  c5 55.Kh4 c4 
56.Ba3 c3 57.g5 c2 58.Kg4 c1Q 59.Bxc1 Nxc1 60.g3 
Nd3 61.f4 Be4 62.Kh4 Bf5 63.g4 Nxf4 64.gxf5+ exf5 
65.Kg3 Ne6 66.Kf3 Nxg5+ 67.Kf4 Ne6+ 68.Ke5 Kg5 
69.Kxe6 f4 70.Ke5 f3 71.Ke4 f2 0-1

[Event "ACL-A644"]
[Site "www.playchess.de"]
[Date "2006.02.25"]
[Round "8"]
[White "jets00"]
[Black "BDG_Girl"]
[WhiteElo "2157"]
[BlackElo "1706"]
[PlyCount "65"]
[Result "1-0"]

1.c4 Nf6 {Hello and good luck!}  2.Nc3 e6 3.e4 d5 
4.e5 d4 5.exf6 dxc3 6.bxc3 Qxf6 7.d4 c5 8.Nf3 cxd4 
9.Bg5 Qf5 10.cxd4 Nc6 11.a3 h6 12.Bd3 Qg4 13.Be3 
Qxg2 14.Rg1 Qh3 15.d5 Nb8 16.Be4 exd5 17.cxd5 Qd7 
18.Qe2 Be7 19.Bd4 Qc7 20.Nd2 Qxh2 21.Rxg7 Kd8 
22.Qe3 Rf8 23.Nf3 Qc7 24.Rc1 Qa5+ 25.Bc3 Qb6 26.d6 
Qxe3+ 27.fxe3 Bxd6 28.Rd1 Ke7 29.Rxd6 Kxd6 30.Bb4+ 
Ke6 31.Bxf8 Nd7 32.Bb4 a5 33.Bc3 1-0

[Event "HCL-A2588"]
[Site "www.playchess.de"]
[Date "2006.02.25"]
[Round "6"]
[White "mrchess"]
[Black "Djusta"]
[WhiteElo "1470"]
[BlackElo "1268"]
[PlyCount "41"]
[Result "1-0"]

1.d4 {good luck}  d5 {Enjoy the game}  2.e3 Nc6 
3.c3 Nf6 4.Nd2 e5 5.dxe5 Nxe5 6.Ngf3 Bd6 7.Nxe5 
Bxe5 8.Nf3 Bg4 9.Be2 Bxf3 10.Bxf3 O-O 11.O-O c6 
12.Bd2 Re8 13.Qc2 Re6 14.Rad1 Qd6 15.g3 Rae8 
16.Bc1 b5 17.Bg2 c5 18.f4 Bxf4 19.exf4 R6e2 20.Qd3 
Rd8 21.Qxe2 1-0

[Event "ACL-M083"]
[Site "www.playchess.de"]
[Date "2006.02.25"]
[Round "20"]
[White "ETC_Chess"]
[Black "Relic"]
[WhiteElo "1971"]
[BlackElo "2158"]
[PlyCount "22"]
[Result "0-1"]

1.c4 {Happy New Year!}  e5 {Happy New Year.}  2.g3 
Nf6 3.Bg2 Nc6 4.Nc3 Bc5 5.e3 O-O 6.Nge2 d6 7.d4 
Bb6 8.O-O Bg4 9.h3 Bd7 10.a3 Re8 11.b4 
a6 0-1

[Event "HCL-E1563"]
[Site "www.playchess.de"]
[Date "2006.02.25"]
[Round "1"]
[White "magister32"]
[Black "truegenius"]
[WhiteElo "2000"]
[BlackElo "2100"]
[PlyCount "45"]
[Result "1-0"]

1.d4 d5 {hi n gl 2 u
}  2.Nf3 b6 3.Bf4 Nd7 4.e3 c5 5.c3 c4 6.b3 b5 7.a4 
b4 8.bxc4 Nb6 9.c5 Nc4 10.cxb4 Bd7 11.Bxc4 dxc4 
12.d5 Bf5 13.Nc3 e6 14.e4 Bg6 15.Qd4 Rc8 16.Qxc4 
Be7 17.d6 Bf8 18.Ne5 Nf6 19.Qb5+ Nd7 20.c6 Nxe5 
21.Bxe5 Rb8 22.d7+ Ke7 23.Qc5+ 1-0

[Event "HCL-M884"]
[Site "www.playchess.de"]
[Date "2006.02.25"]
[Round "10"]
[White "RedBishop"]
[Black "ipakris"]
[WhiteElo "2166"]
[BlackElo "2267"]
[PlyCount "46"]
[Result "0-1"]

1.Nc3 {Hi, nice to meet you here! Good luck.}  e5 
{Hello from Stockholm. Good luck !}  2.Nf3 Nc6 
3.d4 exd4 4.Nxd4 Nf6 5.Bg5 Bb4 6.Qd3 O-O 7.O-O-O 
Bxc3 8.Qxc3 Ne4 9.Bxd8 Nxc3 10.bxc3 Nxd8 11.e4 d6 
12.Bc4 Bd7 13.Rhe1 Re8 14.Re3 a6 15.Bd5 Kf8 16.Nf3 
f6 17.Nd4 c6 18.Bb3 b5 19.c4 Nb7 20.cxb5 axb5 
21.Ne2 Re7 22.Ng3 g6 23.Red3 Kg7 0-1

[Event "HCL-B3894"]
[Site "www.playchess.de"]
[Date "2006.02.25"]
[Round "4"]
[White "kadarzol"]
[Black "real21"]
[WhiteElo "1801"]
[BlackElo "1300"]
[PlyCount "39"]
[Result "1-0"]

1.e4 e5 {(offering draw)}  2.Nf3 f6 3.Nxe5 fxe5 
4.Qh5+ g6 5.Qxe5+ Qe7 6.Qxh8 Qxe4+ 7.Kd1 Nh6 8.d3 
Qd5 9.Nc3 Qf7 10.Bxh6 d6 11.Kd2 Qxf2+ 12.Be2 Bg4 
13.Rhf1 Qxf1 14.Rxf1 Bf5 15.Qxf8+ Kd7 16.Rxf5 gxf5 
17.Qxf5+ Kc6 18.Bf3+ d5 19.Qxd5+ Kb6 
20.Qb5+ 1-0

[Event "HCL-M867"]
[Site "www.playchess.de"]
[Date "2006.02.25"]
[Round "1"]
[White "BanzayFish"]
[Black "fjpv"]
[WhiteElo "1893"]
[BlackElo "2220"]
[PlyCount "112"]
[Result "1/2-1/2"]

1.c4 {gg}  e5 {Greetings from Portugal. Good 
luck.}  2.g3 {thank you}  Nf6 3.Bg2 d5 4.cxd5 Nxd5 
5.Nc3 Nb6 6.Nf3 Nc6 7.O-O Be7 8.d4 exd4 9.Nb5 Bf6 
10.Bf4 Nd5 11.Bg5 Bxg5 12.Nxg5 Nde7 13.Qd3 h6 
14.Nf3 Bf5 15.Qc4 d3 16.Rfd1 O-O 17.e4 Be6 18.Qc3 
Qc8 19.Qxd3 Bg4 20.Qb3 a6 21.Nc3 Re8 22.Rac1 Ng6 
23.Nd5 Rxe4 24.Ng5 hxg5 25.Bxe4 Bxd1 26.Qxd1 Qd8 
27.Bxg6 fxg6 28.g4 {a happy new year}  Qf8 
{Thanks, is also my votes to you and your familly} 
 29.Nxc7 {Thank you :)}  Rd8 30.Qb3+ Qf7 31.Qxf7+ 
Kxf7 32.Nxa6 Rd7 33.Nc5 Rd2 34.Nxb7 Ne5 35.Rc7+ 
Ke6 36.Nc5+ Kd5 37.Na4 Kd6 38.Rxg7 Rd1+ 39.Kg2 Rd4 
40.Nc3 Rxg4+ 41.Kf1 Rb4 42.b3 Rh4 43.Ke2 g4 
44.Nb5+ Kc5 45.Nc3 Kd6 46.a4 Rxh2 47.b4 Rh3 
48.Nb5+ Kd5 49.Nc7+ Ke4 50.Ne6 {(offering draw)}  
Rh2 51.Ng5+ Kf5 52.Nf7 Nc4 53.Nd8 Ne5 54.Kf1 
{(offering draw)}  Rh1+ 55.Ke2 Rh2 56.Kf1 Rh1+ 
{(offering draw)}  1/2-1/2

[Event "HCL-M844"]
[Site "www.playchess.de"]
[Date "2006.02.25"]
[Round "28"]
[White "ktln2001"]
[Black "DeepFrank"]
[WhiteElo "1688"]
[BlackElo "2097"]
[PlyCount "50"]
[Result "0-1"]

1.c4 e5 2.g3 {Greetings from the home of the 
Kentucky Derby.}  Nc6 {Hello from Germany!}  3.Bg2 
g6 4.Nc3 Bg7 5.e4 d6 6.Nge2 Be6 7.d3 Qd7 8.Nd5 
Nce7 9.d4 c6 10.Ne3 exd4 11.Nxd4 Bh3 12.O-O Bxg2 
13.Kxg2 Rd8 14.Re1 Nf6 15.f3 O-O 16.Qd3 Rfe8 17.b3 
d5 18.cxd5 Nfxd5 19.Nec2 Nc7 20.Be3 c5 21.Rad1 
cxd4 22.Bf2 Nc6 23.a3 Ne6 24.b4 Ne5 25.Na1 
Nxd3 0-1

[Event "HCL-M879"]
[Site "www.playchess.de"]
[Date "2006.02.25"]
[Round "2"]
[White "Catperson"]
[Black "zmaster"]
[WhiteElo "2107"]
[BlackElo "1988"]
[PlyCount "104"]
[Result "1-0"]

1.d4 {Hi! Greetings and Good Luck!!}  Nf6 {Hi, 
Best of luck and kind regards! Linda}  2.c4 e6 
3.Nf3 d5 4.Nc3 Bb4 5.Bg5 Nbd7 6.cxd5 exd5 7.Qc2 
O-O 8.e3 c5 9.Bd3 h6 10.Bxf6 Nxf6 11.dxc5 Bg4 
12.Nd4 Bxc5 13.Nb3 Bd6 14.h3 Be6 15.O-O Rc8 16.Nd4 
Bc7 17.Rac1 Be5 18.Qb3 Qe7 19.Rfd1 a6 20.Nce2 Rxc1 
21.Rxc1 Ne4 22.Nf3 Bd6 23.Bb1 Rd8 24.Ned4 Qd7 
25.Nxe6 fxe6 26.Bxe4 dxe4 27.Nd4 Re8 28.Qc2 e5 
29.Qc4+ Qf7 30.Nf5 Qxc4 31.Rxc4 Bf8 32.Ng3 Rd8 
33.Nxe4 Rd1+ 34.Kh2 Ra1 35.a4 b5 36.axb5 axb5 
37.Rc2 Kf7 38.Kg3 Ke6 39.Kf3 b4 40.Ke2 Rg1 41.g3 
Rb1 42.Nd2 Rh1 43.e4 Kd7 44.h4 g6 45.Nc4 Ke6 
46.Nb6 Kd6 47.Rc8 Ke7 48.Nc4 Rc1 49.Kd2 Rf1 
50.Nxe5 Rxf2+ 51.Ke3 Rf6 52.Rxf8 
Kxf8 1-0

[Event "HCL-E1570"]
[Site "www.playchess.de"]
[Date "2006.02.25"]
[Round "3"]
[White "chess50"]
[Black "alldrix"]
[WhiteElo "2104"]
[BlackElo "1624"]
[PlyCount "99"]
[Result "1/2-1/2"]

1.e4 e6 2.d4 d5 3.Nd2 Nf6 4.e5 Nfd7 5.Bd3 c5 6.c3 
c4 7.Bc2 Nc6 8.Ne2 Be7 9.Nf4 g6 10.Nf3 b5 11.Bd2 
b4 12.O-O bxc3 13.Bxc3 Bb4 14.Ba4 Bxc3 15.Bxc6 
Bxb2 16.Bxa8 Bxa1 17.Qxa1 Qc7 18.Bxd5 exd5 19.Nxd5 
Qc6 20.Nc3 Nb6 21.Rb1 O-O 22.Rb5 Rd8 23.Rc5 Qe6 
24.Ne4 Bb7 25.Neg5 Qe7 26.a4 h6 27.a5 hxg5 28.axb6 
axb6 29.Rxc4 g4 30.Ne1 b5 31.Rc5 Qd7 32.Nc2 Be4 
33.Ne3 Qxd4 34.Qxd4 Rxd4 35.Rxb5 Ra4 36.Rb8+ Kg7 
37.Rd8 Ra5 38.Rd7 Rxe5 39.Nxg4 Rb5 40.h3 Bf5 
41.Rc7 Bxg4 42.hxg4 g5 43.Kh2 Kg6 44.Kg3 Rb3+ 
45.f3 f6 46.Rc6 Ra3 {(offering draw)}  47.Rc5 Rb3 
48.Rd5 Ra3 49.Rd8 Rb3 50.Rg8+ {(offering draw)} 
 1/2-1/2

[Event "HCL-E1563"]
[Site "www.playchess.de"]
[Date "2006.02.25"]
[Round "5"]
[White "Harijs"]
[Black "truegenius"]
[WhiteElo "1848"]
[BlackElo "2100"]
[PlyCount "49"]
[Result "1-0"]

1.e4 {Hello from Latvia! good luck!}  e5 {hi n gl 
2 u 2}  2.Nf3 {????}  Nc6 3.Bb5 a6 {hi and good 
luck to you too. (hi n gl 2 u 2)}  4.Bxc6 {OK}  
dxc6 5.Nc3 Bd6 6.d4 Bg4 7.dxe5 Bxf3 8.Qxf3 Bxe5 
9.Bf4 Bxc3+ 10.Qxc3 h6 11.Qxg7 Qf6 12.Qxf6 Nxf6 
13.O-O-O Rc8 14.Rd2 O-O 15.e5 Ne4 16.Re2 Nxf2 
17.Rxf2 Rce8 18.Rd1 c5 19.Bxh6 Rxe5 20.Rd7 Rfe8 
21.Rfxf7 R5e6 22.Rfg7+ Kh8 23.Rgh7+ Kg8 24.Rdg7+ 
Kf8 25.Rg6+ 1-0

[Event "ACL-E216"]
[Site "www.playchess.de"]
[Date "2006.02.25"]
[Round "1"]
[White "ensenis"]
[Black "chessnuts"]
[WhiteElo "1557"]
[BlackElo "1916"]
[PlyCount "62"]
[Result "0-1"]

1.e4 {Hello! Have a good game.}  c5 {Hi!..good 
2006 and fun with chess}  2.Nf3 Nc6 3.Bb5 d6 4.O-O 
Bd7 5.Re1 Nf6 6.h3 e6 7.c3 a6 8.Bf1 Be7 9.d4 cxd4 
10.cxd4 e5 11.Nc3 b5 12.d5 Na5 13.b3 O-O 14.Bd2 
Qb6 15.Be3 Qb7 16.Bd3 Rfc8 17.Rc1 Bd8 18.b4 Nc4 
19.Bxc4 Rxc4 20.Nd2 Rcc8 21.a3 a5 22.Qb3 Qa6 
23.Ne2 Ne8 24.Rxc8 Rxc8 25.Rc1 Rxc1+ 26.Nxc1 f5 
27.f3 Nf6 28.Qc3 Be8 29.Ncb3 axb4 30.axb4 fxe4 
31.fxe4 Bg6 0-1

[Event "HCL-C4049"]
[Site "www.playchess.de"]
[Date "2006.02.25"]
[Round "1"]
[White "Farquhart"]
[Black "valpa"]
[WhiteElo "515"]
[BlackElo "1069"]
[PlyCount "38"]
[Result "0-1"]

1.e4 d5 2.exd5 Qxd5 3.Nc3 Qa5 4.Nf3 c6 5.Ne4 e6 
6.c3 Be7 7.Qb3 Nf6 8.Bd3 Nxe4 9.Bxe4 O-O 10.Qc4 
Qc7 11.Bc2 Nd7 12.Qd3 g6 13.g4 Nf6 14.Rg1 e5 
15.Ng5 Rd8 16.Qc4 Rf8 17.Rg3 Nd5 18.d3 Nb6 19.Qb3 
Bxg5 0-1